Bioprocess engineering : basic concepts / Michael L. Schuler and Fikret Kargi. (Record no. 1693)

000 -LEADER
fixed length control field 00665nam a22001817a 4500
020 ## - INTERNATIONAL STANDARD BOOK NUMBER
ISBN 0130869430
082 ## - DEWEY DECIMAL CLASSIFICATION NUMBER
Classification number 660.620
Item number Sch813 1992
100 ## - MAIN ENTRY--AUTHOR NAME
Personal name Schuler, Michael L., author.
245 ## - TITLE STATEMENT
Title Bioprocess engineering : basic concepts / Michael L. Schuler and Fikret Kargi.
260 ## - PUBLICATION, DISTRIBUTION, ETC. (IMPRINT)
Place of publication Englewood Cliffs, New Jersey :
Name of publisher Prentice Hall,
Year of publication c1992.
300 ## - PHYSICAL DESCRIPTION
Number of Pages xvi, 479 pages :
Other physical details illustrations ; 25 cm.
490 ## - SERIES STATEMENT
Series statement (Prentice Hall series in the physical and chemical engineering sciences)
500 ## - GENERAL NOTE
General note Includes bibliographical references and index.
650 ## - SUBJECT ADDED ENTRY--TOPICAL TERM
Topical Term Biotechnology.
650 ## - SUBJECT ADDED ENTRY--TOPICAL TERM
Topical Term Biochemical engineering.
700 ## - ADDED ENTRY--PERSONAL NAME
Personal name Kargi, Fikret.
942 ## - ADDED ENTRY ELEMENTS (KOHA)
Koha item type Books
Holdings
Source of acquisition Permanent Location Date acquired Koha item type Collection code Accession Number Lost status Shelving location Withdrawn status Current Location Full call number
SchoolCagayan State University - Carig Library2014-12-01BooksApplied Sciences003879 General Collection Cagayan State University - Carig Library660.620 Sch813 1992

Cagayan State University University Library, Carig Campus
Tuguegarao City, Cagayan 3500 | www.csucarig.edu.ph

Powered by Koha